Italian architecture from Michelangelo to Borromini
Gespeichert in:
| VerfasserIn: | |
|---|---|
| Mitwirkende: | |
| Dokumenttyp: | Buch |
| Sprache: | English |
| Veröffentlicht: |
London
: Thames & Hudson
, 2002
|
| Ausgabe: | 1. publ. |
| Schriftenreihe: | World of art
|
| Schlagwörter: | |
| Online Zugang: | Rezension Inhaltsverzeichnis |
| Bibliogr. Hinweis: | Rezensiert in:
[Rezension von: Andrew Hopkins, Italian architecture] |
| Verantwortlich: | Andrew Hopkins |
| LEADER | 04096cam a2200829 c 4500 | ||
|---|---|---|---|
| 001 | 1628929065 | ||
| 003 | DE-627 | ||
| 005 | 20251225203706.0 | ||
| 007 | tu | ||
| 008 | 020911s2002 xxk||||| 00| ||eng c | ||
| 016 | 7 | |a bA2X2541 |2 UK | |
| 016 | 7 | |a 05002036. |2 DE-101 | |
| 020 | |a 050020361X |9 0-500-20361-X | ||
| 020 | |a 9780500203613 |9 978-0-500-20361-3 | ||
| 024 | 3 | |a 9780500203613 | |
| 035 | |a (DE-627)1628929065 | ||
| 035 | |a (DE-576)100665047 | ||
| 035 | |a (DE-599)DNB05002036. | ||
| 035 | |a (OCoLC)248637665 | ||
| 040 | |a DE-627 |b ger |c DE-627 |e rakwb | ||
| 041 | |a eng | ||
| 044 | |c XA-GB | ||
| 050 | 0 | |a NA1115 | |
| 082 | 0 | |a 720.94509031 | |
| 084 | |a 9,10 |2 ssgn | ||
| 084 | |a LI 17290 |2 rvk |0 (DE-625)rvk/95625: | ||
| 084 | |a LN 79000 |2 rvk |0 (DE-625)rvk/102179: | ||
| 084 | |a LN 79800 |2 rvk |0 (DE-625)rvk/102236:154 | ||
| 100 | 1 | |a Hopkins, Andrew |d 1965- |0 (DE-588)14304639X |0 (DE-627)641862431 |0 (DE-576)334757193 |4 aut | |
| 245 | 1 | 0 | |a Italian architecture from Michelangelo to Borromini |c Andrew Hopkins |
| 250 | |a 1. publ. | ||
| 264 | 1 | |a London |b Thames & Hudson |c 2002 | |
| 300 | |a 224 S. |b Ill. |c 21cm | ||
| 336 | |a Text |b txt |2 rdacontent | ||
| 337 | |a ohne Hilfsmittel zu benutzen |b n |2 rdamedia | ||
| 338 | |a Band |b nc |2 rdacarrier | ||
| 490 | 0 | |a World of art | |
| 500 | |a Bibliogr. S. 211 - 214 | ||
| 583 | 1 | |a Archivierung prüfen |c 20200919 |f DE-640 |z 3 |2 pdager | |
| 583 | 1 | |a Archivierung/Langzeitarchivierung gewährleistet |f SSG |x XA-DE-BW |2 pdager |5 DE-16 | |
| 650 | 0 | |a Architecture, Renaissance |z Italy | |
| 650 | 0 | |a Architecture, Baroque |z Italy | |
| 650 | 0 | |a Architecture |z Italy | |
| 689 | 0 | 0 | |d g |0 (DE-588)4027833-5 |0 (DE-627)106283235 |0 (DE-576)208972501 |a Italien |2 gnd |
| 689 | 0 | 1 | |d s |0 (DE-588)4002851-3 |0 (DE-627)104280352 |0 (DE-576)208848975 |a Architektur |2 gnd |
| 689 | 0 | 2 | |a z |2 gnd |a Geschichte 1520-1630 |
| 689 | 0 | |5 (DE-627) | |
| 689 | 1 | 0 | |d g |0 (DE-588)4027833-5 |0 (DE-627)106283235 |0 (DE-576)208972501 |a Italien |2 gnd |
| 689 | 1 | 1 | |d s |0 (DE-588)4002851-3 |0 (DE-627)104280352 |0 (DE-576)208848975 |a Architektur |2 gnd |
| 689 | 1 | 2 | |d s |0 (DE-588)4037343-5 |0 (DE-627)104476370 |0 (DE-576)209023570 |a Manierismus |2 gnd |
| 689 | 1 | 3 | |a z |2 gnd |a Geschichte 1520-1630 |
| 689 | 1 | |5 (DE-627) | |
| 700 | 0 | |a Michelangelo |c Buonarroti |d 1475-1564 |e Ill. |0 (DE-588)118582143 |0 (DE-627)134581237 |0 (DE-576)162231490 |4 ill | |
| 700 | 1 | |a Borromini, Francesco |d 1599-1667 |0 (DE-588)118513745 |0 (DE-627)145366200 |0 (DE-576)160377110 |4 oth | |
| 787 | 0 | 8 | |i Rezensiert in |a Maurer, Golo, 1971 - |t [Rezension von: Andrew Hopkins, Italian architecture] |d 2003 |w (DE-627)1920097112 |
| 856 | 4 | 2 | |u https://swbplus.bsz-bw.de/bsz100665047rez.htm |m V:DE-576 |v 2005-08-22 |3 Rezension |7 1 |
| 856 | 4 | 2 | |u http://www.gbv.de/dms/weimar/toc/348169213_toc.pdf |m V:DE-601 |m B:DE-Wim2 |q application/pdf |x Verlag |y Inhaltsverzeichnis |3 Inhaltsverzeichnis |7 1 |
| 889 | |w (DE-627)348169213 | ||
| 935 | |i mdedup | ||
| 936 | r | v | |a LI 17290 |b Borromini, Francesco |k Kunstgeschichte |k Künstler-Monografien |k Alphabetische Künstlerliste |k Künstler B |k Borromini, Francesco |0 (DE-627)1270680544 |0 (DE-625)rvk/95625: |0 (DE-576)200680544 |
| 936 | r | v | |a LN 79000 |b Allgemeine geschichtliche Darstellungen, Abbildungswerke, Sammlungen von Architektenbiografien |k Kunstgeschichte |k Kunst nach Ländern bzw. Kontinenten |k Italien |k Italienische Kunstgeschichte nach Gattungen |k Architektur |k Allgemeine geschichtliche Darstellungen, Abbildungswerke, Sammlungen von Architektenbiografien |0 (DE-627)1271158612 |0 (DE-625)rvk/102179: |0 (DE-576)201158612 |
| 936 | r | v | |a LN 79800 |b allgemein |k Kunstgeschichte |k Kunst nach Ländern bzw. Kontinenten |k Italien |k Italienische Kunstgeschichte nach Gattungen |k Architektur |k Ordnung nach Aufgaben |k Wohnbauten (Residenz, Palast, Schloss, Villa, Wohnhaus) |k allgemein |0 (DE-627)1271159090 |0 (DE-625)rvk/102236:154 |0 (DE-576)201159090 |
| 951 | |a BO | ||
| 990 | |a Italien | ||
| 990 | |a Architektur | ||
| 990 | |a Geschichte 1520-1630 | ||
| 990 | |a Italien | ||
| 990 | |a Architektur | ||
| 990 | |a Manierismus | ||
| 990 | |a Geschichte 1520-1630 | ||
| 991 | |a Rezensiertes Werk | ||
| 999 | |a KXP-PPN1628929065 |e 4967991459 | ||


